Schweizer Fussball Cupsieger - Statistiken

Allgemein
  • Dieses Quiz wurde 1.207 mal gespielt
    89 seit der letzten Aktualisierung
  • Das Durchschnittsergebnis liegt bei 75 aus 100
Antwortstatistiken
Jahr Club % Korrekt
1929/30 | 1944/45 | 1952/53 | +5 others BSC Young Boys
94%
1932/33 | 1946/47 | 1962/63 | +11 others FC Basel
94%
1965/66 | 1969/70 | 1971/72 | +7 others FC Zürich
94%
1959/60 | 1991/92 | 2020/21 FC Luzern
83%
1925/26 | 1926/27 | 1931/32 | +16 others Grasshopper Club Zürich
78%
1927/28 | 1948/49 | 1970/71 | +5 others Servette FC Genève
78%
1968/69 FC St. Gallen
75%
1930/31 | 1967/68 | 1992/93 | 2021/22 FC Lugano
73%
1964/65 | 1973/74 | 1979/80 | +10 others FC Sion
73%
1934/35 | 1938/39 | 1943/44 | +6 others Lausanne Sports
59%
1984/85 FC Aarau
57%
2003/04 FC Wil
38%
1947/48 | 1950/51 | 1953/54 | +3 others FC La Chaux-de-Fonds
23%
1958/59 FC Grenchen
14%
1935/36 Young Fellows Zürich
9%
1928/29 Urania Genève Sport
7%
Keine übereinstimmenden Quizze gefunden
Verteilung der Resultate
Anzahl Personen mit jedem Resultat
Perzentil nach korrekt beantworteten Fragen
Ihre Resultats-Entwicklung
Sie haben dieses Quiz seit der letzten Aktualisierung nicht gespielt